000 00535nam a2200205Ia 4500
005 20250923144302.0
008 008 250917s9999 xx 000 0 eng d
037 _aTextual
040 _aDSWL
_beng
_cDSWL
041 _aeng
_2eng
084 _aX:95:73:N3, G8
_qDSWL
100 _aWhitedead, T.N
_9823240
245 0 _aIndustrial worker
_cby T.N Whitedead
260 _c1938
300 _a265 p.
365 _aINR
_b30
925 _g30
942 _cTEXL
_hX:95:73:N3, G8
999 _c1437014
_d1437014